Manažment životného cyklu leteckej techniky II. /

Guardado en:
Detalles Bibliográficos
Autores principales: Koblen, Ivan, 1958- (Autor), Szabo, Stanislav (Autor)
Otros Autores: Piľa, Ján (Revisador), Bugaj, Martin (Revisador), Socha, Vladimír (Revisador)
Formato: Libro
Lenguaje:eslovaco
Publicado: Košice : Technická univerzita, 2017
Edición:1. vyd.
Materias:
Etiquetas: Agregar Etiqueta
Sin Etiquetas, Sea el primero en etiquetar este registro!

MARC

LEADER 00000nam a22000003a 4500
001 0027122
003 SK-STU
005 20220225112148.4
007 ta
008 171019s ----xo-----e------000-0-----d
020 |a 978-80-553-2829-4 
040 |a STU  |b slo 
041 0 |a slo 
044 |a xo 
100 1 |a Koblen, Ivan,  |d 1958-  |u 065200  |4 aut  |9 50  |r Z1  |U MTF Ústav integrovanej bezpečnosti  |T MTF Katedra bezpečnostného inžinierstva  |X 77556  |U M5200  |Y 192  |7 77556 
245 1 0 |a Manažment životného cyklu leteckej techniky II. /  |c aut. Ivan Koblen, Stanislav Szabo ; rec. Ján Piľa, Martin Bugaj, Vladimír Socha 
250 |a 1. vyd. 
260 |a Košice :  |b Technická univerzita,  |c 2017 
300 |a 358 s. 
650 4 |a letecká a špeciálna technika 
700 1 |a Szabo, Stanislav  |4 aut  |9 50 
700 1 |a Piľa, Ján  |4 rev 
700 1 |a Bugaj, Martin  |4 rev 
700 1 |a Socha, Vladimír  |4 rev 
996 |b 284M087387  |c M* 13976-1  |l MMKN  |s A  |a 24  |w 0027122_0001